Tragicomedia de Lisandro y Roselia, llamada Elicia, y por otro nombre cuarta obra y tercera Celestina. (Record no. 182700)

MARC details
000 -LEADER
campo de control de longitud fija 01096nam a2200253 i 4500
001 - NÚMERO DE CONTROL
campo de control 182700
003 - IDENTIFICADOR DE NÚMERO DE CONTROL
campo de control ES-MaACL
005 - FECHA Y HORA DE LA ÚLTIMA TRANSACCIÓN
campo de control 20250824202555.0
007 - CAMPO FIJO DE DESCRIPCIÓN FÍSICA--INFORMACIÓN GENERAL
campo de control de longitud fija t|
008 - DATOS DE LONGITUD FIJA--INFORMACIÓN GENERAL
campo de control de longitud fija 131010s1872 sp |||| | spa d
080 ## - NÚMERO DE LA CLASIFICACIÓN DECIMAL UNIVERSAL
Número de la Clasificación Decimal Universal 821.134.2-21"15"
100 1# - ENTRADA PRINCIPAL--NOMBRE DE PERSONA
Nombre de persona Muñón, Sancho de.
9 (RLIN) 153644
245 10 - MENCIÓN DEL TÍTULO
Título Tragicomedia de Lisandro y Roselia, llamada Elicia, y por otro nombre cuarta obra y tercera Celestina.
260 ## - PUBLICACIÓN, DISTRIBUCIÓN, ETC.
Lugar de publicación, distribución, etc. Madrid :
Nombre del editor, distribuidor, etc. [s.n.],
Fecha de publicación, distribución, etc. 1872 (
Fabricante Imp. y Estereotipia de M. Rivadeneyra)
300 ## - DESCRIPCIÓN FÍSICA
Extensión X, XVI, 300 p., [1] h. de lám. ;
Dimensiones 19 cm.
490 1# - MENCIÓN DE SERIE
Mención de serie Colección de libros españoles raros o curiosos ;
Designación de volumen o secuencia 3
530 ## - NOTA DISPONIBLE DE FORMULARIO FÍSICO ADICIONAL
Nota de formato físico adicional disponible Disponible en formato digital.
594 ## - Nota al título y mención de responsabilidad
Nota al título y mención de responsabilidad Autor: Sancho de Muñón (Catálogo BNE)
830 10 - PUNTO DE ACCESO ADICIONAL DE SERIE-TÍTULO UNIFORME
Título uniforme Colección de libros españoles raros o curiosos
Designación de volumen o secuencia 3
9 (RLIN) 187911
852 ## - LOCALIZACIÓN
Ubicación ES-MaACL
Número de control de estantería R-2170-91. Olim: G-13952.
856 ## - LOCALIZACIÓN Y ACCESO ELECTRÓNICOS
Identificador Uniforme de Recursos <a href="https://bibliotecadigital.jcyl.es/es/consulta/registro.do?id=2019">https://bibliotecadigital.jcyl.es/es/consulta/registro.do?id=2019</a>
Nota pública Biblioteca Digital de Castilla y León
856 ## - LOCALIZACIÓN Y ACCESO ELECTRÓNICOS
Identificador Uniforme de Recursos <a href="https://archive.org/details/tragicomediadel00raygoog/page/n12 ">https://archive.org/details/tragicomediadel00raygoog/page/n12 </a>
Nota pública Internet Archive
Holdings
Estatus retirado Estado de pérdida Estado de daño No para préstamo Colección Biblioteca de origen Biblioteca actual Ubicación en estantería Fecha de adquisición Fuente de adquisición Total de préstamos Signatura topográfica completa Código de barras Visto por última vez Precio de reemplazo Tipo de ítem Koha
        Colección digital Biblioteca del Ateneo de Madrid Biblioteca del Ateneo de Madrid Depósito 10/10/2013     R-2170-91 1192001 23/02/2023 23/02/2023 Libro impreso antiguo